000 00605nam a2200181Ia 4500
003 GCL
008 140319s9999 xx 000 0 ara d
040 _aGCL /
_cGCL
082 0 4 _aق
_b962.031
_bك م
100 1 _aكريم ثابت
245 1 0 _aمحمد على /
_cكريم ثابت
260 _aالقاهرة :
_bمطبعة المعارف ومكتبتها بمصر ،
_c1943
300 _a330 ؛
_c24 سم
650 0 4 _aمصر
650 0 4 _aالاحوال السياسية
650 0 4 _aمصر - تاريخ - العصر الحديث - عصر محمد على ( 1805- 1849 م )
942 _2ddc
_cBK
999 _c42634
_d42634